Tous les logos de marques électroniques - Statistiques

Statistiques générales
  • Ce quiz a été pris 80 fois
  • Le résultat moyen est 34 sur 90
Statistiques - réponses
Par images Réponse % Correct
Samsung
100%
LG
99%
Apple
97%
Amazon
96%
Google
96%
Microsoft
95%
Bang & Olufsen
92%
HP
92%
Sony
89%
Nintendo
88%
PlayStation
86%
Xbox
86%
Huawei
85%
JBL
84%
Dell
80%
Motorola
77%
Xiaomi
77%
Bose
74%
Continental Edison
74%
Panasonic
74%
Panasonic
74%
Yamaha
74%
Acer
70%
Moulinex
66%
Tefal
66%
Nokia
65%
Canon
62%
Intel
59%
NVIDIA
58%
Razer
50%
ASUS
49%
Logitech
47%
Lenovo
46%
Rowenta
46%
Corsair
42%
Nikon
41%
Oneplus
41%
General Electric
38%
MSI
38%
Bosch
36%
GoPro
36%
Marshall
36%
Beko
35%
Whirlpool
35%
Philips
34%
Pioneer
32%
Miele
30%
Fujifilm
28%
Toshiba
24%
AMD
23%
Electrolux
23%
Valve
23%
Texas Instruments
22%
Kenwood
20%
NXP Semiconductors
20%
Casio
16%
Cisco
16%
Sennheiser
15%
Sharp
15%
Indesit
14%
TP-Link
11%
BenQ
9%
Dyson
9%
Realme
9%
Skullcandy
9%
IRobot
8%
STMicroelectronics
8%
Olympus
7%
GPS
5%
Micron
5%
Steam Deck
5%
Audio-Technica
4%
Ericsson
4%
Gigabyte
4%
Krups
4%
Nothing
4%
Broadcom
3%
Smeg
3%
TomTom
3%
TSMC
3%
Arçelik
1%
Fitbit
1%
Netgear
1%
Citizen
0%
Infineon
0%
Linksys
0%
Seiko
0%
Thomson
0%
Withings
0%
ZTE
0%
Aucun quiz correspondant
Distribution des résultats
% des personnes avec chaque résultat
Percentile par nombre de réponses
Votre historique - résultats
Vous n’avez pas pris ce quiz